[Event "FIDE WCh KO"]
[Site "New Delhi IND"]
[Date "2000.12.01"]
[Round "2.2"]
[White "Aleksandrov,A"]
[Black "Akopian,V"]
[Result "1-0"]
[WhiteElo "2591"]
[BlackElo "2660"]
[EventDate "2000.11.27"]

1. d4 Nf6 2. c4 e6 3. Nc3 Bb4 4. e3 b6 5. Nge2 Ba6 6. a3 Bxc3+ 7. Nxc3 d5
8. b3 O-O 9. Be2 Nc6 10. a4 Qd7 11. O-O Rfd8 12. Nb5 Na5 13. Bb2 dxc4 14.
bxc4 c6 15. Na3 c5 16. dxc5 Qe7 17. Qc2 Qxc5 18. Rfd1 Bb7 19. Bf1 Qh5 20.
f3 Qg5 21. Kf2 h5 22. Nb5 h4 23. Rxd8+ Rxd8 24. Rd1 Ra8 25. c5 h3 26. g3
bxc5 27. Bc3 Nc4 28. Bxc4 Bxf3 29. Kxf3 Qg4+ 30. Kf2 Qxc4 31. Kg1 Nd5 32.
e4 Nb6 33. Nd6 Qxa4 34. Qe2 Qb3 35. Rc1 Rd8 36. e5 Nd5 37. Be1 Rb8 38. Bf2
Qa3 39. Rf1 g6 40. Nxf7 Rf8 41. Qe4 Ne7 42. Ng5 Qb4 43. Rb1 Qd2 44. Nxh3
1-0

[Event "FIDE WCh Women KO"]
[Site "New Delhi IND"]
[Date "2000.11.30"]
[Round "2.1"]
[White "Zayac,E"]
[Black "Cramling,P"]
[Result "1-0"]
[WhiteElo "2378"]
[BlackElo "2484"]
[EventDate "2000.11.27"]

1. d4 Nf6 2. c4 c5 3. d5 b5 4. cxb5 a6 5. bxa6 g6 6. Nc3 Bxa6 7. g3 d6 8.
Bg2 Nbd7 9. Nf3 Bg7 10. Rb1 O-O 11. O-O Ra7 12. b3 Nb6 13. Bb2 Qa8 14. Nh4
Ne8 15. Qc2 Bxc3 16. Qxc3 f6 17. Qc2 Rf7 18. Rfd1 Bb7 19. e4 Rxa2 20. Ra1
Rxa1 21. Rxa1 Qb8 22. Bf1 Nc7 23. b4 cxb4 24. Qb3 Nd7 25. Qxb4 Na6 26. Qb5
Nac5 27. Bd4 Rf8 28. Bh3 Bc8 29. Qxb8 Nxb8 30. Bxc8 Rxc8 31. Ra8 Ncd7 32.
Nf3 Kf7 33. Be3 Re8 34. Nd4 Nc5 35. f3 Nbd7 36. Ra7 h5 37. Nc6 Kf8 38. Kg2
e6 39. dxe6 Rxe6 40. Nd4 Re8 41. Nb5 Re6 42. Bf4 Kg8 43. Bxd6 f5 44. exf5
Re2+ 45. Kh3 g5 46. Nd4 g4+ 47. Kh4 Rd2 48. Bxc5 Nxc5 49. fxg4 Rxd4 50.
Kxh5 Nd7 51. g5 Rd5 52. Kh6 Nf8 53. Rg7+ Kh8 54. f6 Rd6 55. Rf7 Kg8 56. g6
Ra6 57. h4 Rb6 58. h5 Ne6 59. Re7 Ra6 60. Re8+ 1-0

[Event "FIDE WCh Women KO"]
[Site "New Delhi IND"]
[Date "2000.11.30"]
[Round "2.1"]
[White "Khan,A"]
[Black "Xu Yuhua"]
[Result "1/2-1/2"]
[WhiteElo "2257"]
[BlackElo "2505"]
[EventDate "2000.11.27"]

1. Nf3 c5 2. c4 Nc6 3. d4 cxd4 4. Nxd4 g6 5. Nc3 Bg7 6. Nc2 d6 7. e4 Nf6 8.
Be2 O-O 9. O-O Be6 10. Rb1 Rc8 11. Be3 b6 12. f3 Ne8 13. Nd5 Bd7 14. b3 f5
15. exf5 Bxf5 16. Bd3 Bd7 17. Qd2 Nf6 18. Nxf6+ Bxf6 19. Be4 Ne5 20. Nd4 e6
21. Rbd1 Nf7 22. a4 Ng5 23. Bd3 Nf7 24. Be4 Ng5 25. Bd3 Nf7 26. Nb5 a6 27.
Nd4 Rb8 28. Be4 Qc7 29. Rc1 Nd8 30. Rfd1 Nb7 31. Ne2 Be7 32. Bh6 Rf7 33.
Bc2 Rd8 34. Kh1 Nc5 35. Nd4 a5 36. Qe3 Bf6 37. Ne2 Be5 38. Bg5 Re8 39. Nc3
Bc6 40. Ne4 Nb7 41. Nf2 Ref8 42. Be4 Nc5 43. Bh6 Bf4 44. Bxf4 Rxf4 45. Bxc6
Qxc6 46. Kg1 h5 47. Nd3 R4f6 48. Nxc5 bxc5 49. Qd2 Qb6 50. Qxd6 Qxb3 51.
Qxc5 Qxa4 52. Ra1 Qb3 53. Rdb1 Qd3 54. Rd1 Qb3 55. Rdb1 Qd3 1/2-1/2

[Event "FIDE WCh Women KO"]
[Site "New Delhi IND"]
[Date "2000.11.30"]
[Round "2.1"]
[White "Dworakowska,J"]
[Black "Zhukova,N"]
[Result "0-1"]
[WhiteElo "2371"]
[BlackElo "2450"]
[EventDate "2000.11.27"]

1. e4 e6 2. d4 d5 3. Nc3 Nf6 4. Bg5 dxe4 5. Nxe4 Nbd7 6. Nxf6+ Nxf6 7. Nf3
h6 8. Bd2 c5 9. Bd3 cxd4 10. Qe2 a6 11. O-O-O Bc5 12. Ne5 Qc7 13. f4 Nd5
14. Rdf1 Ne3 15. Rf3 b5 16. Rg3 g5 17. Qh5 Rf8 18. Bxe3 dxe3 19. Rf1 e2 20.
Bxe2 Bb7 21. Nd3 Bd6 22. Qxh6 Rc8 23. Bd1 gxf4 24. Nxf4 Qc4 25. Nxe6 Qxf1
26. Re3 Rxc2+ 27. Kxc2 Qc4+ 28. Rc3 Qxe6 29. Qd2 Bb4 30. Kb1 Bxc3 31. Qxc3
Qd6 32. Bc2 Kd8 33. a4 b4 34. Qe3 Re8 35. Qf2 Be4 36. Qh4+ Qe7 0-1

[Event "FIDE WCh Women KO"]
[Site "New Delhi IND"]
[Date "2000.11.30"]
[Round "2.1"]
[White "Zielinska,Mar"]
[Black "Kovalevskaya,E"]
[Result "1/2-1/2"]
[WhiteElo "2376"]
[BlackElo "2475"]
[EventDate "2000.11.27"]

1. c4 e5 2. Nc3 Nc6 3. Nf3 f5 4. d4 e4 5. d5 exf3 6. dxc6 fxg2 7. cxd7+
Qxd7 8. Bxg2 Qxd1+ 9. Kxd1 c6 10. Be3 Be6 11. b3 Nf6 12. h3 Bd6 13. Kc2 Kf7
14. Rad1 Bc7 15. Na4 f4 16. Bd4 Bf5+ 17. Kc1 Rhe8 18. Bf3 Rad8 19. h4 Bd6
20. Bc5 Bb8 21. Bd4 Bd6 22. Bc5 Bb8 23. Bd4 Bd6 1/2-1/2

[Event "FIDE WCh Women KO"]
[Site "New Delhi IND"]
[Date "2000.11.30"]
[Round "2.1"]
[White "Demina,J"]
[Black "Arribas,M"]
[Result "1/2-1/2"]
[WhiteElo "2368"]
[BlackElo "2300"]
[EventDate "2000.11.27"]

1. Nf3 Nf6 2. c4 e6 3. d4 c5 4. dxc5 Bxc5 5. a3 O-O 6. Nc3 d5 7. e3 dxc4 8.
Qxd8 Rxd8 9. Bxc4 b6 10. b4 Be7 11. Bb2 Bb7 12. Ke2 Nbd7 13. Rhd1 a6 14.
Rd2 1/2-1/2

[Event "FIDE WCh Women KO"]
[Site "New Delhi IND"]
[Date "2000.11.30"]
[Round "2.1"]
[White "Kachiani,K"]
[Black "Manakova,M"]
[Result "1-0"]
[WhiteElo "2448"]
[BlackElo "2369"]
[EventDate "2000.11.27"]

1. d4 d5 2. c4 e6 3. Nf3 Nf6 4. g3 a6 5. Bg2 dxc4 6. O-O Nc6 7. e3 Rb8 8.
Nfd2 Be7 9. Nxc4 O-O 10. Nc3 Nd5 11. e4 Nxc3 12. bxc3 b5 13. Ne3 Na5 14.
Qe2 f5 15. exf5 exf5 16. a4 b4 17. cxb4 Bxb4 18. Rb1 Bd7 19. Nd5 Bd6 20.
Rxb8 Qxb8 21. Qxa6 Nb3 22. Be3 Bc8 23. Qc4 Na5 24. Qc3 Qa7 25. Bd2 Nb7 26.
a5 Nd8 27. Bf4 Bxf4 28. Nxf4 Bd7 29. Re1 Re8 30. Qc4+ Nf7 31. Rxe8+ Bxe8
32. Qe6 Kf8 33. Qxf5 Ke7 34. Qe4+ Kd8 35. Ne6+ Kc8 36. Nxg7 Nd6 37. Qe6+
1-0

[Event "FIDE WCh Women KO"]
[Site "New Delhi IND"]
[Date "2000.11.30"]
[Round "2.1"]
[White "Galliamova,A"]
[Black "Bojkovic,N"]
[Result "1-0"]
[WhiteElo "2526"]
[BlackElo "2420"]
[EventDate "2000.11.27"]

1. e4 c5 2. Nf3 e6 3. d4 cxd4 4. Nxd4 a6 5. Bd3 Nf6 6. O-O d6 7. c4 Bd7 8.
Nc3 Nc6 9. Nxc6 Bxc6 10. Qe2 Be7 11. Rd1 Qa5 12. a3 Qh5 13. Qxh5 Nxh5 14.
Be3 Bf6 15. Rac1 Be5 16. b4 Ke7 17. Ne2 Nf6 18. f4 Bb2 19. Rb1 Bxa3 20. e5
dxe5 21. fxe5 Nd7 22. Nd4 Rhc8 23. Nxc6+ Rxc6 24. Rb3 Nxe5 25. Rxa3 Nxc4
26. Bxc4 Rxc4 27. Rad3 Ke8 28. Rd7 Rxb4 29. Bg5 f6 30. Rxg7 Kf8 31. Bh6 Rh4
32. Rxh7+ 1-0

[Event "FIDE WCh Women KO"]
[Site "New Delhi IND"]
[Date "2000.11.30"]
[Round "2.1"]
[White "Skripchenko,A"]
[Black "Meyer,Mar"]
[Result "1/2-1/2"]
[WhiteElo "2450"]
[BlackElo "2087"]
[EventDate "2000.11.27"]

1. e4 d6 2. d4 Nf6 3. Nc3 g6 4. Be3 c6 5. Qd2 b5 6. Bd3 Nbd7 7. Nf3 Nb6 8.
b3 Bg7 9. Bh6 O-O 10. h3 Qc7 11. Bxg7 Kxg7 12. a4 b4 13. Nd1 a5 14. Ne3 c5
15. e5 Ng8 16. exd6 Qxd6 17. Be4 Rb8 18. dxc5 Qxc5 19. Qd4+ Qxd4 20. Nxd4
Bb7 21. Bxb7 Rxb7 22. Nc6 Ra8 23. O-O-O Rc7 24. Ne5 Nf6 1/2-1/2

[Event "FIDE WCh Women KO"]
[Site "New Delhi IND"]
[Date "2000.11.30"]
[Round "2.1"]
[White "Cmilyte,V"]
[Black "Khurtsilava,I"]
[Result "1-0"]
[WhiteElo "2335"]
[BlackElo "2233"]
[EventDate "2000.11.27"]

1. d4 Nf6 2. c4 b6 3. Nf3 Bb7 4. Nc3 Ne4 5. Qc2 Nxc3 6. bxc3 g6 7. e4 Bg7
8. e5 O-O 9. h4 h5 10. Bd3 Qe8 11. Be3 e6 12. Ng5 d6 13. f4 Nc6 14. Rg1 Ne7
15. g4 hxg4 16. h5 Nf5 17. hxg6 fxg6 18. Qh2 Nh6 19. Rxg4 Rf5 20. Rh4 Rxg5
21. fxg5 Nf5 22. Bxf5 exf5 23. Bf4 Bf3 24. Kf2 Bg4 25. Rh1 Bh5 26. Re1 Qa4
27. Qh1 Qc2+ 28. Kg1 Re8 29. Qd5+ Kf8 30. Rxh5 Qxc3 31. Kf2 gxh5 32. g6 Re7
33. Bg5 Bf6 34. Bxf6 Qd2+ 35. Re2 Qf4+ 36. Qf3 Qxd4+ 37. Kg2 Re8 38. Qxh5
Qg4+ 39. Qxg4 fxg4 40. e6 1-0

[Event "FIDE WCh Women KO"]
[Site "New Delhi IND"]
[Date "2000.12.01"]
[Round "2.2"]
[White "Cramling,P"]
[Black "Zayac,E"]
[Result "1/2-1/2"]
[WhiteElo "2484"]
[BlackElo "2378"]
[EventDate "2000.11.27"]

1. d4 Nf6 2. c4 e6 3. Nf3 d5 4. Nc3 dxc4 5. e4 Bb4 6. Bg5 c5 7. Bxc4 cxd4
8. Nxd4 Bxc3+ 9. bxc3 Qa5 10. Bb5+ Bd7 11. Bxf6 gxf6 12. Qb3 O-O 13. O-O
Qb6 14. Be2 Rc8 15. Qd1 Qc5 16. Rb1 b6 17. Kh1 Nc6 18. Nb3 Qe7 19. f4 Kh8
20. Bf3 Be8 21. Qe1 Rab8 22. Be2 Bd7 23. Rd1 Rg8 24. Bf3 Rbd8 25. Qe2 Nb8
26. e5 Bc8 27. Qe4 Ba6 28. Rfe1 f5 29. Qb4 Qc7 30. Nd4 Rc8 31. Rc1 Qc5 32.
Nb3 Qc7 33. Red1 Bb7 34. Nd4 Na6 35. Qb2 Bxf3 36. Nxf3 Nc5 37. Qf2 Ne4 38.
Qe1 Qc5 39. Nd4 Qa3 40. Rc2 Qa4 41. Nb3 Rgd8 42. Rxd8+ Rxd8 43. h3 Rd3 44.
c4 Qd7 45. Rc1 a5 46. c5 Nxc5 47. Nxc5 bxc5 48. Qxa5 1/2-1/2

[Event "FIDE WCh Women KO"]
[Site "New Delhi IND"]
[Date "2000.12.01"]
[Round "2.2"]
[White "Xu Yuhua"]
[Black "Khan,A"]
[Result "1-0"]
[WhiteElo "2505"]
[BlackElo "2257"]
[EventDate "2000.11.27"]

1. e4 c5 2. Nf3 e6 3. b3 Nc6 4. Bb2 Nge7 5. Bb5 Ng6 6. O-O f6 7. d4 cxd4 8.
Nxd4 Bc5 9. Nxc6 bxc6 10. Bd3 O-O 11. c4 Nf4 12. Nc3 e5 13. Ne2 Nxd3 14.
Qxd3 d6 15. Rad1 f5 16. Bxe5 fxe4 17. Qg3 Rf6 18. Qg5 Bd7 19. Bxf6 Qxf6 20.
Qxf6 gxf6 21. Nd4 Kf7 22. Nc2 Ke7 23. Rfe1 f5 24. g3 Be6 25. Kg2 Rg8 26. b4
Bb6 27. Nd4 Bd7 28. Nb3 Be6 29. c5 Bc7 30. Nd4 Bd7 31. Rb1 Rb8 32. Rec1 a6
33. cxd6+ Kxd6 34. Rd1 Ke7 35. Rbc1 Rb6 36. Rc5 f4 37. Re1 e3 38. gxf4 Bxf4
39. a3 Kd6 40. fxe3 Bh6 41. Rh5 1-0

[Event "FIDE WCh Women KO"]
[Site "New Delhi IND"]
[Date "2000.12.01"]
[Round "2.2"]
[White "Zhukova,N"]
[Black "Dworakowska,J"]
[Result "1-0"]
[WhiteElo "2450"]
[BlackElo "2371"]
[EventDate "2000.11.27"]

1. d4 f5 2. Nc3 Nf6 3. Bg5 d5 4. Bxf6 exf6 5. e3 Be6 6. Bd3 Nc6 7. Nge2 Qd7
8. a3 g6 9. Qd2 O-O-O 10. O-O-O Kb8 11. Kb1 Ne7 12. Nc1 Nc8 13. Rhe1 h5 14.
f3 Bh6 15. Qf2 Bf7 16. Nb3 b6 17. e4 dxe4 18. fxe4 fxe4 19. Bxe4 f5 20. Bf3
Bg7 21. Qf1 Nd6 22. Nd5 Ne4 23. Nb4 a5 24. Nc5 bxc5 25. dxc5 Qa4 26. Qa6
Bd5 27. Rxd5 Rxd5 28. Bxe4 fxe4 29. Nc6+ Qxc6 30. Qxc6 Rhd8 31. Rxe4 1-0

[Event "FIDE WCh Women KO"]
[Site "New Delhi IND"]
[Date "2000.12.01"]
[Round "2.2"]
[White "Wang Lei"]
[Black "Peng Zhaoqin"]
[Result "0-1"]
[WhiteElo "2498"]
[BlackElo "2403"]
[EventDate "2000.11.27"]

1. d4 d5 2. c4 c6 3. cxd5 cxd5 4. Nc3 Nf6 5. Bf4 Nc6 6. e3 e6 7. Bd3 Be7 8.
Nf3 Bd7 9. O-O O-O 10. h3 Qb6 11. a3 Na5 12. b4 Nc4 13. Ne5 Nxe5 14. dxe5
Ne8 15. Na4 Qd8 16. Qb3 h6 17. Rac1 Rc8 18. Rfd1 b6 19. Nc3 Nc7 20. Bb1 Bg5
21. Bxg5 Qxg5 22. f4 Qe7 23. b5 a6 24. a4 axb5 25. axb5 Rfd8 26. Kh2 Qe8
27. Na4 Nxb5 28. Nxb6 Rb8 29. Nxd7 Qxd7 30. Qd3 g6 31. h4 Qe7 32. g3 Na3
33. h5 Nxb1 34. Rxb1 gxh5 35. Kh3 Kg7 36. Qe2 Qa3 37. Ra1 Rb2 38. Qxh5 Qxe3
39. Rh1 Qe4 0-1

[Event "FIDE WCh Women KO"]
[Site "New Delhi IND"]
[Date "2000.12.01"]
[Round "2.2"]
[White "Koskela,N"]
[Black "Ioseliani,N"]
[Result "1/2-1/2"]
[WhiteElo "2191"]
[BlackElo "2476"]
[EventDate "2000.11.27"]

1. e4 c5 2. Nf3 d6 3. d4 cxd4 4. Nxd4 Nf6 5. Nc3 Nc6 6. Be2 e6 7. O-O Be7
8. Kh1 a6 9. f4 O-O 10. Be3 Bd7 11. Bd3 Qc7 12. Nf3 b5 13. a3 b4 14. Ne2
bxa3 15. bxa3 e5 16. Qe1 Rfe8 17. Nc3 exf4 18. Bxf4 Ne5 19. Nd4 Rac8 20.
Nce2 Nxd3 21. cxd3 Qc5 22. Be3 Ng4 23. Bg1 Qg5 24. Nf5 Rc2 25. Ned4 Rcc8
26. Qg3 Bxf5 27. Nxf5 Qg6 28. d4 Bf8 29. Rae1 Nf6 30. Qd3 d5 31. exd5 Nxd5
32. Qf3 Rxe1 33. Rxe1 Rd8 34. Re4 Nf6 35. Ne7+ Bxe7 36. Rxe7 h6 37. h3 Rd5
38. Re8+ Kh7 39. Rc8 Ne4 40. Rc5 Nxc5 41. Qxd5 Ne4 42. Qc4 Ng3+ 43. Kh2 Qd6
44. Qd3+ Ne4+ 45. g3 f5 46. Qf3 1/2-1/2

[Event "FIDE WCh Women KO"]
[Site "New Delhi IND"]
[Date "2000.12.01"]
[Round "2.2"]
[White "Arakhamia,K"]
[Black "Qin Kanying"]
[Result "1/2-1/2"]
[WhiteElo "2405"]
[BlackElo "2501"]
[EventDate "2000.11.27"]

1. e4 e5 2. Nf3 Nc6 3. Bb5 a6 4. Ba4 Nf6 5. d3 d6 6. c3 Be7 7. Nbd2 b5 8.
Bb3 O-O 9. a4 Bd7 10. O-O Na5 11. Bc2 c5 12. Re1 Re8 13. Nf1 h6 14. Ne3 Bf8
15. Bd2 Nc6 16. Bb3 Na5 17. Bc2 Nc6 18. axb5 axb5 19. Rxa8 Qxa8 20. Nh4 Qd8
21. Qf3 Be6 22. Nd5 Nh7 23. Nf5 Ne7 24. Ra1 Nxd5 25. exd5 Bxf5 26. Qxf5 Qc8
27. Qxc8 Rxc8 28. Ra7 Rb8 29. f4 Nf6 30. fxe5 dxe5 31. Kf1 Nxd5 32. Bb3 Rd8
33. Ke2 g6 34. g3 b4 35. cxb4 cxb4 36. Bc4 Kg7 37. Ra5 Ne7 38. Rxe5 Nc6 39.
Rd5 Nd4+ 40. Kf2 Rxd5 41. Bxd5 f5 42. Bf4 Kf6 43. Ke3 Nc2+ 44. Kd2 Nd4 45.
h4 g5 46. Bc7 Bc5 47. h5 Nb5 48. Bb8 Nd4 49. Kd1 Nb5 50. Kc2 Nd4+ 51. Kd2
Nb5 52. d4 Bxd4 53. Bc6 Na7 54. Bd7 Ke7 55. Ba4 Nc8 56. Kc2 Nd6 57. Kb3 Be5
58. Bc6 g4 59. Ba7 Bxg3 60. Kxb4 f4 61. Kc3 Be1+ 62. Kd3 Bb4 63. Bd4 Ke6
64. Bg7 Nf5 65. Bh8 g3 66. Bb7 Bc5 67. b4 Bxb4 68. Bc8+ Kd6 69. Bxf5 g2 70.
Bd4 Bc5 71. Be4 Bxd4 72. Bxg2 Ke5 1/2-1/2

[Event "FIDE WCh Women KO"]
[Site "New Delhi IND"]
[Date "2000.12.01"]
[Round "2.2"]
[White "Manakova,M"]
[Black "Kachiani,K"]
[Result "0-1"]
[WhiteElo "2369"]
[BlackElo "2448"]
[EventDate "2000.11.27"]

1. d4 Nf6 2. Nf3 g6 3. g3 Bg7 4. Bg2 O-O 5. O-O d6 6. c4 Nc6 7. d5 Na5 8.
Nfd2 c6 9. a3 cxd5 10. cxd5 e6 11. e4 exd5 12. exd5 Bg4 13. Qa4 Be2 14. Re1
b5 15. Qb4 Re8 16. Nc3 Bd3 17. Nde4 Nxe4 18. Nxe4 Bxe4 19. Rxe4 Rxe4 20.
Bxe4 Rc8 21. Bd3 Nc4 22. Rb1 a6 23. a4 Ne5 24. Bf1 Nf3+ 25. Kg2 Nd4 26.
axb5 axb5 27. Bf4 Rc5 28. Kh1 h5 29. h4 Kh7 30. Bg2 Qd7 31. Qa5 Rc2 32. Qb6
Rxf2 33. Be3 Qf5 34. Rg1 Rxg2 35. Rxg2 Nf3 36. g4 Qxd5 37. Bf2 Bxb2 38.
gxh5 Qxh5 39. Qc7 Qf5 40. Rg3 Be5 41. h5 Bxg3 0-1

[Event "FIDE WCh Women KO"]
[Site "New Delhi IND"]
[Date "2000.12.01"]
[Round "2.2"]
[White "Meyer,Mar"]
[Black "Skripchenko,A"]
[Result "0-1"]
[WhiteElo "2087"]
[BlackElo "2450"]
[EventDate "2000.11.27"]

1. e4 e5 2. Bc4 Nf6 3. d3 Nc6 4. Nf3 Bc5 5. O-O a6 6. c3 Ba7 7. Bb3 h6 8.
Nbd2 O-O 9. h3 Re8 10. Re1 d5 11. Qe2 Be6 12. Bc2 Qd7 13. Nf1 b5 14. b3 d4
15. c4 Bc5 16. Ng3 Bf8 17. Nh4 Kh7 18. Qf3 Ng8 19. Qe2 g6 20. Nf1 Qd8 21.
Nf3 Bg7 22. g4 Bf6 23. Ng3 Bd7 24. Bd2 Qe7 25. Reb1 b4 26. Kg2 a5 27. Be1
Nd8 28. Qd1 Ne6 29. Ne2 Bc6 30. Qc1 Bg7 31. a3 f5 32. Nh2 fxe4 33. dxe4 Nc5
34. Ng3 Rab8 35. f3 Bf6 36. axb4 axb4 37. Bd2 Bg5 38. Nhf1 Bxd2 39. Qxd2
Nf6 40. Bd3 Nfd7 41. Ra2 Nf8 42. Ne2 Nfe6 43. Nfg3 Rf8 44. Rab2 Rf7 45. Rf1
Qh4 46. Bb1 Ng5 47. Ng1 Nce6 48. N3e2 h5 49. Qe1 Qxe1 50. Rxe1 hxg4 51.
hxg4 Rbf8 52. Rf1 Nxe4 0-1

[Event "FIDE WCh Women KO"]
[Site "New Delhi IND"]
[Date "2000.12.01"]
[Round "2.2"]
[White "Khurtsilava,I"]
[Black "Cmilyte,V"]
[Result "1/2-1/2"]
[WhiteElo "2233"]
[BlackElo "2335"]
[EventDate "2000.11.27"]

1. c4 e5 2. Nc3 Bb4 3. a3 Bxc3 4. dxc3 d6 5. e4 Nc6 6. Be3 Nge7 7. Qc2 Be6
8. Nf3 h6 9. O-O-O b6 10. g3 Qd7 11. b4 f6 12. Nd2 a5 13. Nb1 Nd8 14. f4
Qc6 15. b5 Qd7 16. c5 bxc5 17. c4 Bg4 18. Be2 Bxe2 19. Qxe2 Ne6 20. Qh5+
Kd8 21. fxe5 fxe5 22. Rhf1 Nd4 23. Nc3 Qe8 24. Qg4 Qg6 25. Qxg6 Nxg6 26.
Nd5 Ne7 27. Rf7 Nxd5 28. exd5 Kc8 29. Rdf1 Rg8 30. Re7 Kb7 31. Rff7 Rac8
32. Kd2 g6 33. Kd3 Nf5 34. Rd7 Rgd8 35. Rxd8 Rxd8 36. Bd2 Kb6 37. g4 Nd4
38. Bxh6 Rh8 39. g5 Nf5 40. Rxf5 gxf5 41. h4 Kb7 42. h5 Kc8 43. g6 f4 44.
Kd2 Kd7 45. Bxf4 exf4 46. g7 Re8 47. h6 f3 48. h7 f2 49. h8=Q Rxh8 50.
gxh8=Q f1=Q 51. Qg7+ Kc8 52. Qg4+ Kb7 53. Qe4 Qa1 54. Qd3 Qb2+ 55. Ke3 Qe5+
56. Kf3 Qh5+ 57. Kf2 Qh2+ 58. Ke1 Qe5+ 59. Kd2 Qb2+ 60. Kd1 Qa1+ 61. Ke2
Qe5+ 62. Qe3 Qb2+ 63. Kf3 Qf6+ 64. Kg4 Qg6+ 65. Kh4 Qf6+ 66. Qg5 Qc3 67.
Qg4 Qxa3 68. Qd7 Qd3 69. Qc6+ Kb8 70. b6 Qxc4+ 71. Kg5 Qc1+ 72. Kh5 Qh1+
73. Kg5 Qc1+ 74. Kf6 Qf4+ 75. Ke7 Qe5+ 76. Kd8 Qf6+ 77. Ke8 Qg6+ 1/2-1/2

[Event "FIDE WCh Women KO"]
[Site "New Delhi IND"]
[Date "2000.12.02"]
[Round "2.3"]
[White "Bojkovic,N"]
[Black "Galliamova,A"]
[Result "1/2-1/2"]
[WhiteElo "2420"]
[BlackElo "2526"]
[EventDate "2000.11.27"]

1. e4 c5 2. Nc3 e6 3. f4 Nc6 4. Nf3 d6 5. d4 cxd4 6. Nxd4 Nf6 7. Be3 e5 8.
Nf3 Ng4 9. Qd2 Nxe3 10. Qxe3 exf4 11. Qxf4 Be7 12. O-O-O O-O 13. Nd5 Be6
14. Kb1 Rc8 15. Bc4 Nb4 16. Bb3 Nxd5 17. exd5 Bd7 18. Rhe1 a5 19. a4 Re8
20. g4 g6 21. h4 Bf8 22. Ng5 Re7 23. Rf1 Qe8 24. h5 Bh6 25. Qf6 Bxg5 26.
Qxg5 Re5 27. Qf4 Re4 28. Qxd6 Bxg4 29. hxg6 hxg6 30. Rc1 Qe5 31. Qb6 Bf5
32. Qxa5 Re2 33. Rfe1 Bxc2+ 34. Bxc2 Rcxc2 35. Rxc2 Rxe1+ 36. Ka2 Rd1 37.
Rd2 Rxd2 38. Qxd2 Qd6 39. b4 f5 40. Kb3 f4 41. Qd3 Kg7 42. a5 Kf6 43. b5
Ke5 44. a6 bxa6 45. bxa6 Qb6+ 46. Kc2 f3 47. d6 Qc5+ 48. Kd1 Qg1+ 49. Kc2
f2 50. d7 f1=Q 51. Qxf1 Qxf1 52. d8=Q Qxa6 53. Qg5+ Ke4 54. Qg4+ Kd5 55.
Qg5+ Kd4 56. Qf4+ Kc5 57. Qg5+ Kb4 58. Qe7+ Ka5 59. Qg5+ Ka4 60. Qf4+ Ka5
61. Qg5+ 1/2-1/2

[Event "FIDE WCh Women KO"]
[Site "New Delhi IND"]
[Date "2000.12.02"]
[Round "2.4"]
[White "Galliamova,A"]
[Black "Bojkovic,N"]
[Result "1-0"]
[WhiteElo "2526"]
[BlackElo "2420"]
[EventDate "2000.11.27"]

1. e4 c5 2. Nf3 e6 3. d4 cxd4 4. Nxd4 a6 5. Bd3 Nf6 6. O-O d6 7. c4 Bd7 8.
Nc3 Nc6 9. Nxc6 Bxc6 10. Qe2 Be7 11. Rd1 Nd7 12. Bf4 Qb8 13. Rac1 O-O 14.
Bb1 Ne5 15. a4 Rc8 16. Bg3 Be8 17. Ba2 b6 18. f4 Nc6 19. f5 Nb4 20. fxe6
Nxa2 21. exf7+ Bxf7 22. Nxa2 b5 23. b3 bxc4 24. bxc4 Rc5 25. Qd3 Rc6 26. h3
Bg5 27. Rc2 Qc7 28. Bxd6 Qa7+ 29. c5 Rd8 30. e5 Kh8 31. Nb4 Rcc8 32. Qg3 h6
33. Rf1 a5 34. Nd3 Bg6 35. Rcf2 Qa6 36. Nf4 Bf7 37. h4 Bxf4 38. Rxf4 Be6
39. Qg6 Bc4 40. e6 Bxf1 41. Be5 Qa7 42. Kxf1 Rxc5 43. Bd4 Qa6+ 44. Kg1 Rc7
45. e7 Rc1+ 46. Kh2 Qxg6 47. exd8=Q+ Kh7 48. Qe7 Rc2 49. Qe4 Qxe4 50. Rxe4
Rc4 51. h5 Rxa4 52. Rg4 Kg8 53. Rxg7+ Kf8 54. Rd7 Rc4 55. Kh3 a4 56. Bg7+
Kg8 57. Bxh6 a3 58. Ra7 Rc3+ 59. g3 Rb3 60. Bf4 1-0